| 000 | 00597nam a22001817a 4500 | ||
|---|---|---|---|
| 005 | 20231101133119.0 | ||
| 008 | 231101b |||||||| |||| 00| 0 eng d | ||
| 020 | _a0702115703 | ||
| 041 | _aEnglish | ||
| 082 | _a346.7 COW | ||
| 100 |
_aCowen, DV and Geering, L _lEnglish |
||
| 245 |
_aCowen The Law of Negotiable Instruments in South Africa / _cDV Cowen and L Geering |
||
| 250 | _aFifth Edition | ||
| 260 |
_aCape Town : _bJuta and Company Ltd, _c1985 |
||
| 300 |
_bxxiv,587 pages ; _c26 cm. _e2 Volumes |
||
| 650 |
_aLegal practice _bLaw |
||
| 942 |
_cBK _6ALISON_BN_VRIES |
||
| 999 |
_c225 _d225 |
||